All Yourn - Lyrics quiz- Tyler Childers - Statistics

General Stats
  • This quiz has been taken 6 times
  • The average score is 238 of 272
Answer Stats
Answer % Correct
a
100%
about
100%
aint
100%
all
100%
and
100%
around
100%
bout
100%
So
100%
There
100%
forever
100%
give
100%
I
100%
I’ll
100%
im
100%
I’m
100%
it
100%
learned
100%
love
100%
lungs
100%
lying
100%
me
100%
mine
100%
my
100%
no
100%
No
100%
of
100%
on
100%
out
100%
place
100%
So
100%
that
100%
the
100%
The
100%
There
100%
there
100%
till
100%
to
100%
trying
100%
two
100%
way
100%
ways
100%
we
100%
you
100%
your
100%
your’e
100%
you’re
100%
yourn
100%
between
80%
direction
80%
down
80%
Drivin
80%
i’d
80%
like
80%
memories
80%
miles
80%
part
80%
prayers
80%
praying
80%
road
80%
roadwork
80%
say
80%
shared
80%
they
80%
through
80%
took
80%
up
80%
with
80%
work
80%
always
60%
before
60%
ever
60%
Follow
60%
gone
60%
lead
60%
let
60%
Long
60%
long
60%
made
60%
met
60%
never
60%
now
60%
oh
60%
talking
60%
you’d
60%
blur
40%
breaking
40%
curtain
40%
dog
40%
door
40%
drawn
40%
Every
40%
fine
40%
half
40%
hotels
40%
in
40%
knew
40%
middle
40%
sure
40%
taste
40%
Though
40%
wanna
40%
bite
20%
cones
20%
Days
20%
deal
20%
dreams
20%
Fried
20%
godess
20%
Inn
20%
Loading
20%
morels
20%
muse
20%
penn
20%
refusing
20%
No matching quizzes found
Score Distribution
Percent of People with Each Score
Percentile by Number Answered
Your Score History
You have not taken this quiz